Quantum mechanics (Record no. 5126)

MARC details
000 -LEADER
fixed length control field 00449nam a2200169Ia 4500
003 - CONTROL NUMBER IDENTIFIER
control field SGT
020 ## - INTERNATIONAL STANDARD BOOK NUMBER
International Standard Book Number 9781403923417
082 ## - DEWEY DECIMAL CLASSIFICATION NUMBER
Classification number 530.12
Item number GHA
100 ## - MAIN ENTRY--PERSONAL NAME
Personal name Lokanathan,S
245 ## - TITLE STATEMENT
Title Quantum mechanics
250 ## - EDITION STATEMENT
Edition statement 5th Ed.
260 ## - PUBLICATION, DISTRIBUTION, ETC. (IMPRINT)
Name of publisher, distributor, etc Tata McGraw Hill Education Private Limited
Place of publication, distribution, etc New Delhi
Year of Publication 2010
300 ## - PAGE DESCRIPTION
No. of Pages 762p.
650 ## - SUBJECT ADDED ENTRY--TOPICAL TERM
Topical term or geographic name as entry element PHYSICS
653 ## - KEYWORDS--INDEX TERM
Keyword term MATHEMATICAL PRELIMINARIES, BASIC QUANTUM MECHANIC, QUANTUM MECHANICS
942 ## - ADDED ENTRY ELEMENTS (KOHA)
Source of classification or shelving scheme Dewey Decimal Classification
Koha item type Books
942 ## - ADDED ENTRY ELEMENTS (KOHA)
-- 3
Holdings
Withdrawn status Lost status Source of classification or shelving scheme Damaged status Use restrictions Not for loan Collection code Home library Current library Shelving location Date acquired SGTU Full call number Accession No. (Barcode) Date last seen Bill Date Koha item type Total Checkouts Date last borrowed
    Dewey Decimal Classification   Restricted Access Not For Loan ENGINEERING SGT Engineering Library SGT Engineering Library Reference Book 08/02/2011 SGTU 530.12 GHA FE2746 09/02/2015 09/02/2015 Books    
    Dewey Decimal Classification         SGT Engineering Library SGT Engineering Library   08/02/2011 SGTU 530.12 GHA FE2747 05/03/2021 09/02/2015 Books 5 12/02/2021
    Dewey Decimal Classification         SGT Engineering Library SGT Engineering Library   08/02/2011 SGTU 530.12 GHA FE2748 26/04/2024 09/02/2015 Books 5 26/04/2024